|
|
|
|
| LEADER |
00746cam a2200193 7i4500 |
| 001 |
0000043630 |
| 005 |
20170310090000.0 |
| 020 |
|
|
|a 9780470666142 (pbk.)
|
| 020 |
|
|
|a 9780470666135 (hbk.)
|
| 090 |
0 |
0 |
|a HD8574
|b .W66 2011
|
| 245 |
0 |
0 |
|a Work without boundaries :
|b psychological perspectives on the new working life
|c Michael Allvin ... [et al.].
|
| 260 |
|
|
|a United Kingdom:
|b John Wiley & Sons,
|c 2011.
|
| 300 |
|
|
|a xii, 263 p.;
|c 23 cm.
|
| 650 |
0 |
0 |
|a Job stress --
|z Sweden
|
| 650 |
0 |
0 |
|a Work --
|x Psychological aspects --
|z Sweden
|
| 700 |
1 |
|
|a Allvin, Michael
|
| 997 |
|
|
|a Education & Social Sciences, Faculty
|b Social Sciences, Department
|
| 998 |
|
|
|a Industrial Psychology, Degree
|
| 999 |
|
|
|a 0000054682
|b BOK
|c OPEN SHELF
|e 1st Floor, Bestari Jaya
|